Akumulácia tepla - kompatibilita materiálov diplomová práva

Salvato in:
Dettagli Bibliografici
Autore principale: Felgerová, Katarína
Natura: Libro
Lingua:slovacco
Pubblicazione: Bratislava diplomová práca 2016
Accesso online:Visualizza in OPAC
Tags: Aggiungi Tag
Nessun Tag, puoi essere il primo ad aggiungerne!!

MARC

LEADER 00000nam a2200000 a 4500
005 20260127133955.0
008 160706 2016 000 0 slo d
035 |a vtls011564939 
039 9 |y 201607061124  |z mschk03 
040 |a STUSCHK1  |b slo  |c STUSCHK1  |e AACR2 
100 1 |a Felgerová, Katarína 
245 1 |a Akumulácia tepla - kompatibilita materiálov  |b diplomová práva  |c Katarína Felgerová 
260 |a Bratislava  |b diplomová práca  |c 2016 
300 |a 75 s.  |b il.  |c 25 cm 
500 |a Študijný program: chemické technológie 
500 |a Študijný odbor: chemické technológie 
500 |a Školiace pracovisko: Oddelenie anorganickej technológie 
500 |a Evid. číslo: FCHPT-5439-42475 
910 |a SCHK95 
999 |c 1252  |d 1252